| 000 | 00688nam a2200229 u 4500 | ||
|---|---|---|---|
| 005 | 20240228063644.0 | ||
| 008 | 121018s2010 r 000 0 eng d | ||
| 020 | _a9788493721282 | ||
| 035 | _aUPN01000187719 | ||
| 049 | _aI | ||
| 050 | 4 |
_aPQ6654 U7.2 _bD5.2 |
|
| 100 | 1 |
_aDuran, Teresa, _d1948- _933503 |
|
| 245 | 1 | 0 |
_aDiablote / _cTeresa Duran ; il. Elena Val. |
| 260 |
_aBarcelona, Esp. : _bEkaré, _c2010. |
||
| 300 |
_a[28] p. : _bprincipalmente il. col. |
||
| 440 | 3 | _aEl jardín de los niños | |
| 650 | 4 |
_aLiteratura infantil española _95892 |
|
| 650 | 7 |
_aLibros ilustrados para niños _2 _921365 |
|
| 700 | 1 |
_aVal, Elena, _eil. |
|
| 905 | _aInfantil | ||
| 999 |
_c159822 _d159822 |
||